LEADER 01651oas 22005533a 450 001 9910139736103321 005 20250717213020.0 035 $a(OCoLC)704464718 035 $a(CONSER) 2012201043 035 $a(CKB)2550000000089520 035 $a(EXLCZ)992550000000089520 100 $a20110301b20042009 uy a 101 0 $aeng 135 $aurbn||||||abp 135 $aurbn||||||ada 181 $ctxt$2rdacontent 182 $cc$2rdamedia 183 $acr$2rdacarrier 200 00$aCountry finance$iCosta Rica, Nicaragua, Panama 210 $aNew York $cEconomist Intelligence Unit 311 08$a2165-5588 517 3 $aCosta Rica, Nicaragua, Panama 606 $aFinance$zCosta Rica$vPeriodicals 606 $aFinance$zNicaragua$vPeriodicals 606 $aFinance$zPanama$vPeriodicals 606 $aFinance$2fast$3(OCoLC)fst00924349 607 $aCosta Rica$2fast$1https://id.oclc.org/worldcat/entity/E39PBJdcwt8mjYRVCxv8mgQTHC 607 $aNicaragua$2fast$1https://id.oclc.org/worldcat/entity/E39PBJgRVq8dCfPh8qbfgyTbVC 607 $aPanama$2fast$1https://id.oclc.org/worldcat/entity/E39PBJdx9kJcd7ywkt4hGVxv73 608 $aPeriodicals.$2fast 615 0$aFinance 615 0$aFinance 615 0$aFinance 615 7$aFinance. 676 $a332 712 02$aEconomist Intelligence Unit (New York, N.Y.) 801 0$bOCLCE 801 1$bOCLCE 801 2$bDLC 801 2$bOCLCQ 801 2$bOCLCF 801 2$bOCLCO 801 2$bOCLCQ 801 2$bOCLCO 801 2$bOCLCL 906 $aJOURNAL 912 $a9910139736103321 996 $aCountry finance$92243043 997 $aUNINA